Diagnostic manual for aquatic animal diseases

Guardat en:
Dades bibliogràfiques
Format: Llibre
Idioma:anglès
Publicat: París Office International Des Epizooties 2000
Edició:3a. ed
Matèries:
Etiquetes: Afegir etiqueta
Sense etiquetes, Sigues el primer a etiquetar aquest registre!

MARC

LEADER 00000nam a2200000 a 4500
001 UCN6049
003 CL-VaPUC
008 010913e20000000FR |||||||||||||||||eng|d
082 0 4 |a 597.02  |b DIA  |2 21 
245 1 0 |a Diagnostic manual for aquatic animal diseases 
250 |a 3a. ed 
300 |a 237 p 
942 |c BK 
945 |d 20010913 00:00:00  |a cmena 
260 |a París  |b Office International Des Epizooties  |c 2000 
500 |a Clasificación Ed. 20: 597.02 
650 7 |a PISCICULTURA  |2 CL-VaPUC  |9 259974 
650 7 |a ENFERMEDADES DE LOS PECES  |2 CL-VaPUC  |9 259987 
650 0 |a Patología veterinaria  |9 261175 
650 0 |a Código sanitario  |9 387494 
650 0 |a Importación  |9 378887 
650 0 |a Exportación  |9 351066 
650 0 |a Comercio  |9 255341 
583 |a last modification  |c 20010913 00:00:00  |k Rodrigo Vera 
999 |c 297140  |d 297138 
952 |0 0  |1 0  |4 0  |6 597_020000000000000_DIA_2000  |7 0  |8 CCM  |9 351616  |a BIBCUR  |b BIBCUR  |d 2019-11-21  |i 3730077  |o 597.02 DIA 2000  |p 3730077  |r 2025-04-22  |w 2019-11-21  |y BK_X  |k CIM